Intellectual property, biotechnology, and trade : (Record no. 5524)

MARC details
000 -LEADER
fixed length control field 01125nam a2200301 4500
001 - CONTROL NUMBER
control field 000
003 - CONTROL NUMBER IDENTIFIER
control field 000
005 - DATE AND TIME OF LATEST TRANSACTION
control field 20150417151924.0
007 - PHYSICAL DESCRIPTION FIXED FIELD--GENERAL INFORMATION
fixed length control field 000
008 - FIXED-LENGTH DATA ELEMENTS--GENERAL INFORMATION
fixed length control field 000
010 ## - LIBRARY OF CONGRESS CONTROL NUMBER
LC control number 92980382
020 ## - INTERNATIONAL STANDARD BOOK NUMBER
International Standard Book Number 9966410406 :
Terms of availability Kshs50.00 (US$7.50)
040 ## - CATALOGING SOURCE
Original cataloging agency UOEL
Transcribing agency DLC
Modifying agency DLC
050 00 - LIBRARY OF CONGRESS CALL NUMBER
Classification number QH433
Item number .A73 1992
082 00 - DEWEY DECIMAL CLASSIFICATION NUMBER
Classification number 346.04/8
-- 342.648
Edition number 20
100 1# - MAIN ENTRY--PERSONAL NAME
Personal name Acharya, Rohini.
245 10 - TITLE STATEMENT
Title Intellectual property, biotechnology, and trade :
Remainder of title the impact of the Uruguay round on biodiversity /
Statement of responsibility, etc. Rohini Acharya.
260 ## - PUBLICATION, DISTRIBUTION, ETC. (IMPRINT)
Place of publication, distribution, etc. Nairobi, Kenya :
Name of publisher, distributor, etc. Acts Press, African Centre for Technology Studies ;
Place of publication, distribution, etc. Maastricht, The Netherlands :
Name of publisher, distributor, etc. ACTS Biopolicy Institute,
Date of publication, distribution, etc. 1992.
300 ## - PHYSICAL DESCRIPTION
Extent 27 p. ;
Dimensions 21 cm.
440 #0 - SERIES STATEMENT/ADDED ENTRY--TITLE
Title Biopolicy international series ;
Volume/sequential designation no. 4
504 ## - BIBLIOGRAPHY, ETC. NOTE
Bibliography, etc Includes bibliographical references (p. 25-27).
650 #0 - SUBJECT ADDED ENTRY--TOPICAL TERM
Topical term or geographic name as entry element Biodiversity conservation
General subdivision Law and legislation.
Topical term or geographic name as entry element Intellectual property.
Topical term or geographic name as entry element Foreign trade regulation.
906 ## - LOCAL DATA ELEMENT F, LDF (RLIN)
a 7
b cbc
c orignew
d 3
e ncip
f 19
g y-gencatlg
942 ## - ADDED ENTRY ELEMENTS (KOHA)
Source of classification or shelving scheme Library of Congress Classification
Koha item type Loan - Normal on open shelf
Holdings
Withdrawn status Lost status Source of classification or shelving scheme Damaged status Not for loan Home library Current library Shelving location Date acquired Total Checkouts Full call number Barcode Date last seen Copy number Price effective from Koha item type
    Library of Congress Classification     UOE Main Library UOE Main Library Open shelf 17/04/2015   QH433 .A73 1992 20144711 27/04/2026 20144711 17/04/2015 Loan - Normal on open shelf